LEADER 03112nam 22005535 450 001 996500669903316 005 20231110232522.0 010 $a3-11-077500-X 024 7 $a10.1515/9783110775006 035 $a(CKB)5580000000489469 035 $a(DE-B1597)612773 035 $a(DE-B1597)9783110775006 035 $a(MiAaPQ)EBC7127869 035 $a(Au-PeEL)EBL7127869 035 $a(OCoLC)1353269041 035 $a(MiAaPQ)EBC30509335 035 $a(Au-PeEL)EBL30509335 035 $a(EXLCZ)995580000000489469 100 $a20221201h20222023 fg 101 0 $aara 135 $aur||||||||||| 181 $ctxt$2rdacontent 182 $cc$2rdamedia 183 $acr$2rdacarrier 200 00$aGaleni In Hippocratis Epidemiarum librum VI commentariorum I?VIII versio Arabica $eCommentaria VII?VIII, Indices /$fUwe Vagelpohl 205 $a1st ed. 210 1$aBerlin ;$aBoston : $cDe Gruyter Akademie Forschung, $d[2022] 210 4$dİ2023 215 $a1 online resource (IX, 721 p.) 225 0 $aCorpus Medicorum Graecorum ? Supplementum Orientale ,$x0589-8072 ;$vV 3, 3 311 $a3-11-077319-8 327 $tFrontmatter -- $tTABLE OF CONTENTS -- $tCONSPECTUS SIGLORUM ET COMPENDIORUM -- $tPart VII -- $tPart VIII -- $tIndices -- $tA. Index of Arabic proper names -- $tB. Index of Arabic words -- $tC. Index of proper names and subjects to the translation -- $tD. Index of passages cited -- $tAddenda et corrigenda 330 $aThe present volume offers the first critical edition of the medieval Arabic translation of Galen's Commentary on Book 6 of the Hippocratic Epidemics produced by ?unayn ibn Is??q (d. ca. 870). The edition is based on all extant Arabic textual witnesses, including the Arabic secondary transmission. Only about two thirds of the Greek original of this text is extant; the Arabic translation is therefore the only complete witness to this important work. The number and extent of "ations from this commentary in medieval Arabic medical writings, which are documented in the introduction to the volume, demonstrate that it became a crucial source for the development of medicine in the Islamic world. It also gave rise to a wide range of didactic writings which illustrate its importance for medical teaching. The English translation aims to convey some of the flavour of the Arabic text. The volume also contains comprehensive indices that map out the terminology and style of the translation. 410 0$aCorpus Medicorum Graecorum 606 $aEpidemics$vEarly works to 1800 610 $aArabistic. 610 $aGalen. 610 $aHistory of medicine. 610 $aMedicine in antiquity. 615 0$aEpidemics 676 $a610 700 $aGalenus$4aut$4http://id.loc.gov/vocabulary/relators/aut$0739718 702 $aVagelpohl$b Uwe, $4edt$4http://id.loc.gov/vocabulary/relators/edt 801 0$bDE-B1597 801 1$bDE-B1597 906 $aBOOK 912 $a996500669903316 996 $aGaleni In Hippocratis Epidemiarum librum VI commentariorum I?VIII versio Arabica$93561117 997 $aUNISA LEADER 03808nam 2200877z- 450 001 9910557128303321 005 20210501 035 $a(CKB)5400000000040771 035 $a(oapen)https://directory.doabooks.org/handle/20.500.12854/68551 035 $a(oapen)doab68551 035 $a(EXLCZ)995400000000040771 100 $a20202105d2021 |y 0 101 0 $aeng 135 $aurmn|---annan 181 $ctxt$2rdacontent 182 $cc$2rdamedia 183 $acr$2rdacarrier 200 00$aThermal Systems 210 $aBasel, Switzerland$cMDPI - Multidisciplinary Digital Publishing Institute$d2021 215 $a1 online resource (190 p.) 311 08$a3-03943-841-7 311 08$a3-03943-842-5 330 $aWe live in interesting times in which life as we know it is being threatened by manmade changes to the atmosphere in which we live. On the global scale, concern is focused on climate change due to greenhouse gas emissions, and on a national scale, atmospheric pollution produced by combustion processes is of concern. A possible approach is through the development of new ideas and innovative processes to the current practices. Among the available options, multi-generation processes such as the trigeneration cycle, battery storage system, solar power plants and heat pumps have been widely studied, as they potentially allow for greater efficiency, lower costs, and reduced emissions. On the other hand, some researchers had been working to increase the potential of energy generation process through heat recovery under the steam generator, organic Rankine cycle, and absorption chillers. In this Special Issue on "Thermal Systems" of fundamental or applied and numerical or experimental investigation, many new concepts in thermal systems and energy utilization were explored and published as original research papers in this "Special Issue". 606 $aHistory of engineering and technology$2bicssc 610 $aabrasive-milling processes 610 $aabsorption chiller 610 $aaccident-tolerant fuel (ATF) cladding 610 $aadvanced exergo-economic analysis 610 $aalternative process 610 $acentralised heat pump 610 $acontrol 610 $adynamic modelling 610 $aendogenous exergy 610 $aenergy poverty 610 $aexergy analysis 610 $aexogenous exergy 610 $aexperimental testing 610 $afinned-tube gas cooler 610 $agas microturbine 610 $aheat pipe 610 $aheat transfer 610 $ahourly heating demand 610 $ainverse heat transfer problem 610 $aLi-ion battery 610 $amilling cooling 610 $aminichannel flow boiling 610 $an/a 610 $anon-coating method 610 $aoff-design heat pump model 610 $aORC 610 $aoscillating heat pipes 610 $aplug flow 610 $apseudo-single tube (PST) 610 $aroom-temperature swaging 610 $asolar network 610 $asupercritical carbon dioxide 610 $atemperature separation 610 $athe low-temperature air flow ratio (yc), inlet pressure (Pi) 610 $athermal management 610 $athermo-economic assessment 610 $athermoelectric cooler 610 $aTrefftz method 610 $atrigeneration system 610 $avoid fraction 610 $avortex generator 610 $avortex tube 610 $awaste heat recovery system 615 7$aHistory of engineering and technology 700 $aAgnew$b Brian$4edt$01322479 702 $aTam$b Ivan CK$4edt 702 $aAgnew$b Brian$4oth 702 $aTam$b Ivan CK$4oth 906 $aBOOK 912 $a9910557128303321 996 $aThermal Systems$93038486 997 $aUNINA